| 000 | 00000nam 2200000zi 4500 |
| 001 | 9.919760 |
| 003 | CaOODSP |
| 005 | 20230505143327 |
| 006 | m o d f |
| 007 | cr cn||||||||| |
| 008 | 230203t20232023bccb ob f000 0 eng d |
| 020 | |a9780660474236 |
| 040 | |aCaOODSP|beng|erda|cCaOODSP |
| 043 | |an-cn-bc |
| 086 | 1 |aFs143-3/22-2234E-PDF |
| 245 | 00|aPacific Region integrated fisheries management plan for Pacific tuna, 2023-24. |
| 264 | 1|a[Vancouver, BC] : |bFisheries and Oceans Canada, |c2023. |
| 264 | 4|c©2023 |
| 300 | |a1 online resource (76 pages) : |bmaps. |
| 336 | |atext|btxt|2rdacontent |
| 337 | |acomputer|bc|2rdamedia |
| 338 | |aonline resource|bcr|2rdacarrier |
| 490 | 1 |aPacific region integrated fisheries management plan, |x2564-002X ; |v22-2234 |
| 500 | |aCover title. |
| 504 | |aIncludes bibliographcial references (page 38). |
| 650 | 0|aTuna fisheries|zBritish Columbia|zPacific Coast|xManagement. |
| 650 | 6|aThons|xPêche commerciale|zColombie-Britannique|zPacifique, Côte du|xGestion. |
| 710 | 1 |aCanada. |bDepartment of Fisheries and Oceans. |bPacific Region, |eissuing body. |
| 830 | #0|aPacific region integrated fisheries management plan,|x2564-002X ; |v22-2234.|w(CaOODSP)9.901435 |
| 856 | 40|qPDF|s1.41 MB|uhttps://publications.gc.ca/collections/collection_2023/mpo-dfo/Fs143-3-22-2234-eng.pdf |